000 00450pab a2200157 454500
008 180718b2006 xxu||||| |||| 00| 0 eng d
100 _aGilmour, John B.
245 _aDoes performance budgeting work? An examination of the office of management and budget's PART scores
260 _c2006
300 _ap.742-52.
362 _aSep-Oct
650 _aBudget
700 _aLawis, David E.
773 _aPublic Administration Review
909 _a72088
999 _c72088
_d72088